000 00986nam a22001937a 4500
005 20260123084231.0
008 230714b ||||| |||| 00| 0 eng d
040 _cSSBUL
_dSSBUL
082 _223
_a၉၁၅.၉၁ ချစ် ၁၆၀၀၅ (S-SAT)
100 _aချစ်ကိုကို။
_928029
245 _aစာရာမေတိ ခရီးသည် /
_cချစ်ကိုကို။
260 _aရန်ကုန်၊
_bစာပေဗိမာန်၊
_c၁၉၈၃။
300 _a၁၉၂ စာမျက်နှာ၊
_c၁၈ စင်တီ။
440 _aစာပေဗိမာန်ထုတ် ပြည်သူ့လက်စွဲစာစဉ်။
_927865
500 _aS-SAT: Dr. Prof Sai Aung Tun
504 _6ကျမ်းကိုးစာရင်းပါရှိသည်။
650 _aမြန်မာနိုင်ငံ
_xဒေသန္တရနှင့် ခရီးသွား။
_928030
942 _2ddc
_cBK1
999 _c27232
_d27232